Statistics for Train Operating Companies in the UK

Click here to take the quiz!

General Stats

  • This quiz has been taken 366 times
    (358 since last reset)
  • The average score is 10 of 25

Answer Stats

HintAnswer% Correct
Southern
71%
ScotRail
65%
Southeastern
64%
Northern
56%
Thameslink
53%
Virgin Trains
53%
CrossCountry
51%
Arriva Trains Wales
46%
South West Trains
46%
East Midlands Trains
45%
First Great Western
42%
Virgin Trains East Coast
42%
c2c
37%
First Hull Trains
35%
Grand Central
35%
Great Northern
33%
London Overground
31%
Chiltern Railways
28%
London Midland
28%
First TransPennine Express
27%
Abellio Greater Anglia
26%
Merseyrail
26%
Eurostar
24%
Heathrow Express
23%
Heathrow Connect
15%

Score Distribution

Percentile by Number Answered

Percent of People with Each Score

Your Score History

You have not taken this quiz since the last reset